Normal view
MARC view
- M. Usman Sattar
Entry Personal Name
001 - CONTROL NUMBER
- control field: 93231
003 - CONTROL NUMBER IDENTIFIER
- control field: NUST
005 - DATE AND TIME OF LATEST TRANSACTION
- control field: 20220706120111.0
008 - FIXED-LENGTH DATA ELEMENTS
- fixed length control field: 220706|| aca||aabn | a|a d
040 ## - CATALOGING SOURCE
- Original cataloging agency: NUST
- Transcribing agency: NUST
100 ## - HEADING--PERSONAL NAME
- Personal name: M. Usman Sattar
670 ## - SOURCE DATA FOUND
- Source citation: Work cat.: (NUST)10208: Ali Javed 93230, Digital weather station, 2010.
